000 00971cam a2200277 4500
008 090401t1996 xxu||||| |||| 00| 0 eng d
020 _a1873394233
035 _a(Sirsi) u48639
041 _aeng
050 _a690.241
110 _aEnglish Heritage
_92714
245 _aModern matters : principles and practice in conserving recent architecture.
260 _aLondon
_bEnglish Heritage
_c1996
300 _axxi,184p. : ill. ; 25cm.
350 _a35
520 _aA collection of papers exploring the progress that has been made in the protection and care of modern buildings, examining the philosophical, methodological and practical problems conserving recent architecture.
650 _aCONSERVATION
650 _aHISTORIC BUILDINGS
650 _aMODERN ARCHITECTURE
650 _aMODERN BUILDINGS
650 _aTWENTIETH-CENTURY ARCHITECTURE
690 _aCONSERVATION
700 _aMacDonald, Susan
_xEditor
942 _n0
948 _c04/03/1997
999 _c92379
_d92379